MARC

LEADER 00000nam0a2200000 4500
001 122338
005 20231031125936.0
035 |a (RuTPU)RU\TPU\book\132466 
090 |a 122338 
100 |a 20071002d1959 m y0rusy50 ca 
101 0 |a rus 
102 |a RU 
105 |a a z 000zy 
200 1 |a Внедрение новой буровой техники  |e опыт нефтяников Чечено-Ингушской АССР  |f Ю. Н. Близнюков, Э. А. Каракозов, Ф. А. Смелянский 
210 |a Москва  |c Гостоптехиздат  |d 1959 
215 |a 94 с.  |c ил. 
225 1 |a Обмен передовым техническим опытом 
610 1 |a внедрение 
610 1 |a буровая техника 
610 1 |a механизмы 
610 1 |a бурение 
610 1 |a буровое оборудование 
675 |a 622.323:622.24.05  |v 3 
700 1 |a Близнюков  |b Ю. Н.  |g Юрий Николаевич 
701 1 |a Каракозов  |b Э. А.  |g Эдуард Аркадьевич 
701 1 |a Смелянский  |b Ф. А.  |g Федор Андреевич 
801 1 |a RU  |b 63413507  |c 20071002  |g PSBO 
801 2 |a RU  |b 63413507  |c 20140528  |g PSBO 
942 |c BK